Click the Pairs - Sudden Death - Statistics

General Stats
  • This quiz has been taken 114,233 times
  • The average score is 26 of 60
Answers on the Grid
Answers color-coded by a green-red scale on the quiz's grid according to % correct below.
 
Answer Stats
Answer % Correct
64%
64%
63%
63%
60%
60%
59%
58%
58%
58%
56%
56%
52%
52%
45%
45%
44%
44%
44%
44%
42%
42%
42%
42%
42%
42%
42%
42%
41%
41%
41%
40%
40%
39%
39%
39%
39%
39%
38%
38%
37%
37%
35%
35%
35%
35%
35%
34%
33%
33%
33%
32%
31%
31%
31%
31%
31%
31%
31%
30%
No matching quizzes found
Score Distribution
Percent of People with Each Score
Percentile by Number Answered
Your Score History
You have not taken this quiz